Host Cities of the NCAA Men's Division I Basketball Tournament - Statistics

General Stats
  • This quiz has been taken 1,057 times
    396 since last reset
  • The average score is 73 of 129
Answer Stats
State City Number of Times, (Most Recent*) % Correct
Arizona Phoenix 5, (2024)
90%
California Los Angeles 15, (2024)
88%
Florida Miami 2, (2009)
88%
California San Francisco 7, (2025*)
88%
Colorado Denver 11, (2025*)
86%
California San Diego 7, (2026*)
86%
Georgia Atlanta 22, (2025*)
84%
Illinois Chicago 13, (2026*)
84%
Massachusetts Boston 6, (2024)
82%
Missouri Kansas City 32, (2023)
82%
Florida Orlando 7, (2023)
82%
Michigan Detroit 4, (2024)
81%
Alabama Birmingham 11, (2023)
80%
North Carolina Charlotte 23, (2024)
80%
Florida Tampa 5, (2026*)
80%
Texas Dallas 14, (2024)
79%
Arkansas Little Rock 1, (2008)
79%
Louisiana New Orleans 14, (2022)
79%
Idaho Boise 9, (2018)
78%
Indiana Indianapolis 25, (2024)
78%
Kentucky Louisville 17, (2023)
78%
Oregon Portland 9, (2026*)
78%
Maryland Baltimore 1, (1995)
77%
Texas Houston 16, (2026*)
77%
Ohio Cleveland 5, (2025*)
76%
Nevada Las Vegas 1, (2023)
76%
Oklahoma Oklahoma City 9, (2026*)
76%
Nebraska Omaha 6, (2024)
76%
California Sacramento 6, (2023)
76%
Washington Seattle 17, (2025*)
76%
Tennessee Nashville 9, (2018)
75%
Pennsylvania Pittsburgh 7, (2024)
75%
Texas Austin 6, (2013)
74%
Ohio Columbus 8, (2023)
74%
Iowa Des Moines 3, (2023)
74%
Nebraska Lincoln 3, (1988)
74%
Pennsylvania Philadelphia 29, (2026*)
74%
Utah Salt Lake City 21, (2024)
74%
Florida Jacksonville 4, (2019)
73%
Tennessee Memphis 8, (2024)
73%
Connecticut Hartford 6, (2019)
72%
Minnesota Minneapolis 14, (2019)
72%
North Carolina Raleigh 17, (2025*)
72%
Texas San Antonio 11, (2022)
72%
California San Jose 8, (2026*)
72%
Kentucky Lexington 22, (2025*)
71%
Oklahoma Tulsa 8, (2019)
71%
Alabama Tuscaloosa 3, (1981)
71%
Louisiana Baton Rouge 3, (1986)
70%
Wisconsin Milwaukee 10, (2025*)
70%
Missouri St. Louis 16, (2026*)
70%
New York Buffalo 9, (2026*)
69%
Ohio Cincinnati 5, (2022)
69%
New York New York City 34, (2024)
69%
Rhode Island Providence 12, (2025*)
68%
New York Albany 3, (2023)
67%
Texas El Paso 1, (1981)
67%
Wisconsin Madison 3, (2002)
66%
Arizona Tucson 12, (2011)
66%
__________ __ Washington DC 8, (2026*)
66%
New York Syracuse 11, (2015)
65%
Florida Tallahassee 1, (1995)
64%
South Carolina Columbia 2, (2019)
63%
North Carolina Durham 1, (1954)
63%
Tennessee Knoxville 6, (1999)
63%
California Oakland 3, (2006)
63%
Arizona Tempe 6, (1996)
63%
Kansas Wichita 11, (2025*)
63%
Ohio Dayton 41, (2024)
62%
Virginia Richmond 2, (1996)
62%
Georgia Athens 1, (1971)
60%
North Carolina Greensboro 14, (2023)
59%
Oregon Eugene 3, (1978)
58%
Iowa Iowa City 4, (1966)
58%
Utah Provo 9, (1982)
58%
Indiana South Bend 4, (1988)
58%
New Mexico Albuquerque 10, (2012)
57%
Texas Fort Worth 3, (2022)
56%
New Jersey Newark 2, (2025*)
56%
Kansas Lawrence 8, (1979)
55%
Michigan East Lansing 1, (1963)
53%
Kansas Manhattan 6, (1969)
53%
Oklahoma Norman 1, (1977)
52%
Washington Spokane 6, (2024)
51%
Indiana Bloomington 4, (2021)
49%
North Carolina Chapel Hill 1, (1988)
47%
Oklahoma Stillwater 2, (1958)
46%
California Anaheim 8, (2019)
45%
Arizona Glendale 2, (2017)
45%
Iowa Ames 1, (1972)
44%
Texas Arlington 2, (2014)
44%
Indiana Fort Wayne 3, (1956)
44%
West Virginia Morgantown 2, (1974)
44%
Maryland College Park 10, (1991)
43%
Texas Lubbock 4, (1975)
42%
North Carolina Winston-Salem 4, (2007)
38%
Oregon Corvallis 11, (1983)
37%
Indiana Evansville 1, (1983)
37%
Indiana West Lafayette 2, (2021)
37%
Illinois Evanston 7, (1967)
36%
California Long Beach 2, (1990)
36%
New Mexico Las Cruces 4, (1975)
35%
Florida St. Petersburg 3, (1999)
35%
Kentucky Bowling Green 2, (1980)
34%
Colorado Fort Collins 1, (1967)
32%
South Carolina Greenville 4, (2026*)
32%
Massachusetts Worcester 2, (2005)
32%
Virginia Blacksburg 2, (1967)
30%
Illinois Peoria 1, (1954)
28%
California Berkeley 1, (1958)
26%
Utah Ogden 4, (1994)
26%
Washington Pullman 3, (1984)
26%
California Palo Alto 1, (1953)
25%
New Jersey Princeton 2, (1972)
24%
New Jersey East Rutherford 13, (2007)
22%
Texas Denton 3, (1980)
21%
Idaho Pocatello 4, (1977)
21%
Indiana Terre Haute 1, (1974)
21%
Tennessee Murfreesboro 1, (1979)
20%
Utah Logan 3, (1982)
19%
Ohio Kent 2, (1968)
18%
Michigan Auburn Hills 4, (2013)
15%
Rhode Island Kingston 3, (1969)
12%
Illinois Carbondale 1, (1969)
11%
Michigan Pontiac 2, (1991)
10%
Maryland Landover 1, (1994)
7%
Virginia Williamsburg 2, (1973)
7%
New York Uniondale 3, (2001)
4%
Oklahoma El Reno 1, (1955)
1%
No matching quizzes found
Score Distribution
Percent of People with Each Score
Percentile by Number Answered
Your Score History
You have not taken this quiz since the last reset